000 00289nam a2200109Ia 4500
008 230320s9999||||xx |||||||||||||| ||spa||
082 _aDC/371.2/G68
100 _aGómez Dacal, Gonzalo
245 0 _aCurso De Organización Escolar Y General
260 _bEscuela española
942 _80
_cLIB
999 _c38265
_d38265